| 000 | 00804nam a2200241 a 4500 | ||
|---|---|---|---|
| 001 | 000018313 | ||
| 003 | DO-SdBNP | ||
| 005 | 20250707114854.0 | ||
| 008 | 900430s1988 uy b 000 0 spa | ||
| 010 | _a90150235 | ||
| 040 |
_aDO-SdBNP _bspa _cBNPHU |
||
| 100 | 1 |
_aTorres, Cristina. _939662 |
|
| 245 | 1 | 3 |
_aEl trabajo domestico y las amas de casa : _bel rostro invisible de las mujeres / _cCristina Torres. |
| 260 |
_a[Montevideo] : _bCIEDUR, _c[1988]. |
||
| 300 |
_a24 p. ; _c27 cm. |
||
| 440 | 0 |
_aUruguay hoy. _pMujer y trabajo ; _vno. 2 _939663 |
|
| 500 | _aCover title. | ||
| 504 | _aIncludes bibliographical references (p. 24). | ||
| 650 | 0 |
_aAmas de casa _zUruguay _939664 |
|
| 650 | 0 |
_aEconomía doméstica _zUruguay _939665 |
|
| 910 | _aCatalogación por derivada / LC | ||
| 942 |
_2ddc _cLBS1 |
||
| 999 |
_c17834 _d17834 |
||